| 000 | 00695nam a22001937a 4500 | ||
|---|---|---|---|
| 003 | OSt | ||
| 005 | 20160926105046.0 | ||
| 008 | 160913b xxu||||| |||| 00| 0 eng d | ||
| 040 |
_aBMC _cBMC |
||
| 082 | _a972.8425 | ||
| 245 | 0 | 0 |
_aPlanos urbanos _b: departamento de la paz |
| 250 | _a1ª ed | ||
| 260 |
_aSan Salvador (El Salvador) _bMinisterio de obras Públicas; Instituto Geográfico Nacional "Ing. Pablo Arnoldo Guzmán" _c1988 |
||
| 300 |
_a[23] h. _c26x42 cm _bmapas |
||
| 505 | _aContiene: Planos urbanos.- Simbología.- Escudo.- | ||
| 651 | 2 | 4 |
_99307 _aLa Paz (El Salvador) _xDescripción |
| 710 | 2 |
_933164 _aMinisterio de Obras Públicas, Transporte y Medio Ambiente |
|
| 942 |
_2ddc _cMP |
||
| 999 |
_c25837 _d25837 |
||